Rindu seorang ibu

Bibliographic Details
Main Author: Syed Mahadzir Syed Ibrahim
Format: Book
Published: Selangor : Penerbitan Pustaka Cita Tinggi , 2002
Series:Siri Jati Diri Remaja
Subjects:

MARC

LEADER 00000cam a2200000 7i4500
001 0000054816
005 20020508.0
020 |a 9830233111 
090 0 0 |a F   |b SYE 
100 0 |a Syed Mahadzir Syed Ibrahim 
245 1 0 |a Rindu seorang ibu   |c Syed Mahadzir Syed Ibrahim 
260 |a Selangor :   |b Penerbitan Pustaka Cita Tinggi ,   |c 2002 
300 |a 104p. ;   |c 19cm. 
490 0 |a Siri Jati Diri Remaja 
650 0 0 |a General fiction, Malay 
999 |a 119008   |b BUKU   |c FICTION   |e PERPUSTAKAAN KOMUNITI PETALING JAYA 
999 |a 119009   |b BUKU   |c FICTION   |e PERPUSTAKAAN KOMUNITI PETALING JAYA 
999 |a 119012   |b BUKU   |c FICTION   |e PERPUSTAKAAN KOMUNITI PETALING JAYA 
999 |a 119013   |b BUKU   |c FICTION   |e PERPUSTAKAAN KOMUNITI CAW KOTA DAMANSARA